000 00526nam a2200205 a 4500
001 BRCA_5710
005 20190320205204.0
008 030311s1890----fr-#######---#000-1#fre-#
041 _afre
044 _afr
050 4 _aPQ2497
_b.Z65
100 1 _aZola, Émile
_d1840-1902
_914496
245 1 0 _aAu bonheur des dames
_cÉmile Zola.
260 _aParís
_bE. Flammarion
300 _a2 v.
_bil.
_c24 cm.
440 0 _aSelect-Collection
_914497
500 _aH32
_vNovela
_y1840-1902
_zParís
902 _aGFM
942 _2lcc
_cB
999 _c5400
_d5400